000 15837nas1a22009971i 4500
001 RU\NLR\INFOCOMM10\1000240758
005 20240726055203.0
011 _a0132-9774
035 _a(NLR Aleph) 002522698
090 _a2777964
_c2777964
100 _a20040428c1986 |||y0rusy50 ca
101 0 _arus
102 _aRU
110 _aayu||||0|y0
200 1 _aМашиностроительное производство
_eОбзор. информ.
_iСерия "Технология и оборудование обработки металлов резанием"
_fВНИИ информ. и техн.-экон. исслед. по машиностроению и робототехнике (ВНИИТЭМР)
210 _aМ.
_d1986-
300 _aВ надзаг. также: М-во станкостроит. и инструм. пром-сти СССР
311 _aВ 1987 влилось изд.: Технология, оборудование, организация и экономика машиностроительного производства. Сер.10, Средства технологического оснащения металлообрабатывающего оборудования и систем. (Шифр: П10/6366)
430 1 _12001#$aТехнология, оборудование, организация и экономика машиностроительного производства$hСерия 1$iМеталлорежущее оборудование
_tТехнология, оборудование, организация и экономика машиностроительного производства
430 1 _12001#$aТехнология, оборудование, организация и экономика машиностроительного производства$hСерия 1$iМеталлорежущее оборудование и средства технологического оснащения
_tТехнология, оборудование, организация и экономика машиностроительного производства
430 1 _12001#$aТехнология, оборудование, организация и экономика машиностроительного производства$hСерия 7$iТехнология и оборудование обработки металлов резанием
_tТехнология, оборудование, организация и экономика машиностроительного производства
434 1 _12001#$aТехнология, оборудование, организация и экономика машиностроительного производства$hСерия 10$iСредства технологического оснащения металлообрабатывающего оборудования и систем
_1852##$aNLR$jП10/6366
_tТехнология, оборудование, организация и экономика машиностроительного производства
712 0 2 _aВНИИ информации и технико-экономических исследований по машиностроению и робототехнике
_4570
801 1 _aRU
_bInfoComm
_c20040428
801 0 _aRU
_bNLR
_gPSBO
852 _aNLR
_jП10/6363
942 _cJOURNAL
980 _aRUSPER